00486nam a2200193 a 4500001000400000003000900004008004100013040002800054082001600082100003000098245002200128260003100150300001400181490001900195650002100214650002800235942001200263999001700275992CO-ViMGA141112s2004 ck r 000 u spa d aCO-ViMGAbspacCO-ViMGA04a745.5 S246l1 aSchorege, Margarete9494610aLazos decorativos aBarcelona : bCeac, c1992 a31 p : il aHobby creativo14aARTESANIAS9419114aREGALOS - ADORNOS94947 2ddccBK c13216d13216